Advice to the privileged orders, in the several states of Europe : resulting from the necessity and propriety of a general revolution in the principle of government. / Part I.

Bibliographic Details
Main Author: Barlow, Joel, 1754-1812
Format: eBook
Language:English
Series:Early American imprints. Evans (1639-1800) ; no. 24075.
Subjects:
Online Access:Evans Digital Edition

MARC

Tag First Indicator Second Indicator Subfields
LEADER 00000cam a2200000 a 4500
001 in00002136451
006 m e d #
007 cr mn mmmmabba
008 830617r1792 nyu s 000 0 eng d
005 20260331161929.3
035 |z w018490 
035 |a MAAR8306171851B 
035 |9 mwa91-8781 
035 |a 332739 
035 |a aas03018490 
040 |a MWA  |c MWA  |e bdrb  |d UtOrBLW 
100 1 |a Barlow, Joel,  |d 1754-1812. 
240 1 0 |a Advice to the privileged orders.  |n Part 1 
245 1 0 |a Advice to the privileged orders, in the several states of Europe :  |b resulting from the necessity and propriety of a general revolution in the principle of government. /  |c By Joel Barlow, Esquire.  |n Part I. 
264 3 |a [New York] :  |b London--printed: New-York--re-printed by Childs and Swaine,  |c M.DCC.MCII. [1792] 
300 |a 4 unnumbered pages, 118 pages, 2 unnumbered pages ;  |c 20 cm. (octavo) 
336 |a text  |b txt  |2 rdacontent 
337 |a computer  |b c  |2 rdamedia 
338 |a online resource  |b cr  |2 rdacarrier 
510 4 |a Evans  |c 24075 
510 4 |a BAL  |c 871 
530 |a Microform version available in the Readex Early American Imprints series. 
533 |a Electronic text and image data.  |b [Chester, Vt. :  |c Readex, a division of Newsbank, Inc.,  |d 2002-2004.  |e Includes files in TIFF, GIF and PDF formats with inclusion of keyword searchable text.  |f (Early American imprints. First series ; no. 24075). 
500 |a Electronic resource. 
650 0 |a Political science. 
752 |a United States  |b New York  |d New York. 
830 0 |a Early American imprints.  |n Series I,  |p Evans (1639-1800) ;  |v no. 24075. 
856 4 1 |u http://proxy.library.tamu.edu/login?url=https://opac.newsbank.com/select/evans/24075  |y Evans Digital Edition  |t 0 
999 |a MARS 
999 f f |s 7164b3f0-b208-33c3-92b3-0c5d41047c28  |i d48f8187-8ec0-36ee-a8f9-149ab8367582  |t 0 
952 f f |a Texas A&M University  |b College Station  |c Electronic Resources  |s www_evans  |d Available Online  |t 0  |h No information provided 
998 f f |t 0  |l Available Online